Ako robiť kvalitnú a vysokoúčinnú reklamu. Systém AIDA.
Úlohou odbytovej reklamy je dodať či sprostredkovať odberateľovi a potenciálnemu zákazníkovi vhodné informácie tak, aby sa kúpne správanie utváralo v smere želateľnom pre zadávateľa reklamy. Detailnejší výklad jednotlivých funkcií reklamy podľa jedného z najznámejších účinkovacích modelov - systému...
Salvato in:
| Autore principale: | |
|---|---|
| Natura: | Capitolo di libro |
| Lingua: | slovacco |
| Soggetti: | |
| Tags: |
Nessun Tag, puoi essere il primo ad aggiungerne!!
|
MARC
| LEADER | 00000naa a2200000 4500 | ||
|---|---|---|---|
| 001 | r008191 | ||
| 005 | 20220831085104.7 | ||
| 041 | 0 | |a slo | |
| 044 | |a [CS] | ||
| 245 | 1 | 0 | |a Ako robiť kvalitnú a vysokoúčinnú reklamu. |b Systém AIDA. |c G. Lochner |
| 520 | |a Úlohou odbytovej reklamy je dodať či sprostredkovať odberateľovi a potenciálnemu zákazníkovi vhodné informácie tak, aby sa kúpne správanie utváralo v smere želateľnom pre zadávateľa reklamy. Detailnejší výklad jednotlivých funkcií reklamy podľa jedného z najznámejších účinkovacích modelov - systému AIDA. | ||
| 610 | 2 | 0 | |a reklama |
| 610 | 2 | 0 | |a AIDA |
| 610 | 2 | 0 | |a odbyt |
| 610 | 2 | 0 | |a modely ekonomické |
| 100 | 1 | |a Lochner, G. | |